Academy Award nominees and Best Picture winners (2000-Present) Part II - Statistics

General Stats
  • This quiz has been taken 139 times
    46 since last reset
  • The average score is 87 of 201
Answer Stats
Year Film % Correct
2024 Anora
100%
2016 La La Land
100%
2016 Moonlight
100%
2023 Oppenheimer
100%
2019 Parasite
100%
2015 Spotlight
100%
2013 American Hustle
86%
2012 Argo
86%
2021 CODA
86%
2013 Dallas Buyers Club
86%
2017 Dunkirk
86%
2000 Gladiator
86%
2018 Green Book
86%
2012 Lincoln
86%
2020 Nomadland
86%
2025 One Battle After Another
86%
2012 Silver Linings Playbook
86%
2008 Slumdog Millionaire
86%
2006 The Departed
86%
2009 The Hurt Locker
86%
2001 The Lord of the Rings: The Fellowship of the Ring
86%
2003 The Lord of the Rings: The Return of the King
86%
2017 The Shape of Water
86%
2014 The Theory of Everything
86%
2017 Three Billboards Outside Ebbing, Missouri
86%
2013 12 Years a Slave
71%
2001 A Beautiful Mind
71%
2009 Avatar
71%
2023 Barbie
71%
2014 Birdman or (The Unexpected Virtue of Ignorance)
71%
2002 Chicago
71%
2005 Crash
71%
2022 Everything Everywhere All at Once
71%
2004 Million Dollar Baby
71%
2007 No Country for Old Men
71%
2023 Poor Things
71%
2004 Ray
71%
2025 Sinners
71%
2011 The Artist
71%
2009 The Blind Side
71%
2015 The Revenant
71%
2010 The Social Network
71%
2013 The Wolf of Wall Street
71%
2000 Traffic
71%
2019 1917
57%
2018 Black Panther
57%
2010 Black Swan
57%
2014 Boyhood
57%
2005 Brokeback Mountain
57%
2005 Capote
57%
2021 Dune
57%
2000 Erin Brockovich
57%
2002 Gangs of New York
57%
2017 Get Out
57%
2013 Gravity
57%
2025 Hamnet
57%
2010 Inception
57%
2019 Joker
57%
2006 Little Miss Sunshine
57%
2008 Milk
57%
2003 Mystic River
57%
2018 Roma
57%
2025 Sentimental Value
57%
2024 The Brutalist
57%
2011 The Help
57%
2010 The King’s Speech
57%
2015 The Martian
57%
2002 The Pianist
57%
2021 The Power of the Dog
57%
2006 The Queen
57%
2007 There Will Be Blood
57%
2010 Toy Story 3
57%
2022 All Quiet on the Western Front
43%
2014 American Sniper
43%
2018 BlacKkKlansman
43%
2018 Bohemian Rhapsody
43%
2025 Bugonia
43%
2017 Call Me by Your Name
43%
2000 Crouching Tiger, Hidden Dragon
43%
2012 Django Unchained
43%
2025 F1
43%
2019 Ford v Ferrari
43%
2008 Frost/Nixon
43%
2016 Hidden Figures
43%
2020 Judas and the Black Messiah
43%
2021 King Richard
43%
2012 Les Miserables
43%
2003 Lost in Translation
43%
2015 Mad Max: Fury Road
43%
2016 Manchester by the Sea
43%
2019 Marriage Story
43%
2025 Marty Supreme
43%
2005 Munich
43%
2009 Precious
43%
2020 Promising Young Woman
43%
2015 Room
43%
2022 The Banshees of Inisherin
43%
2022 The Fabelmans
43%
2020 The Father
43%
2014 The Grand Budapest Hotel
43%
2014 The Imitation Game
43%
2025 The Secret Agent
43%
2010 True Grit
43%
2009 Up
43%
2021 West Side Story
43%
2014 Whiplash
43%
2024 Wicked
43%
2010 127 Hours
29%
2024 A Complete Unknown
29%
2023 American Fiction
29%
2023 Anatomy of a Fall
29%
2016 Arrival
29%
2007 Atonement
29%
2022 Avatar: The Way of Water
29%
2021 Belfast
29%
2024 Conclave
29%
2017 Darkest Hour
29%
2009 District 9
29%
2021 Don’t Look Up
29%
2024 Dune: Part Two
29%
2022 Elvis
29%
2011 Extremely Loud and Incredibly Close
29%
2016 Fences
29%
2005 Good Night, and Good Luck
29%
2013 Her
29%
2011 Hugo
29%
2019 Jojo Rabbit
29%
2007 Juno
29%
2023 Killers of the Flower Moon
29%
2017 Lady Bird
29%
2006 Letters from Iwo Jima
29%
2012 Life of Pi
29%
2016 Lion
29%
2019 Little Women
29%
2007 Michael Clayton
29%
2011 Midnight in Paris
29%
2020 Minari
29%
2011 Moneyball
29%
2013 Nebraska
29%
2024 Nickel Boys
29%
2019 Once Upon a Time in Hollywood
29%
2017 Phantom Thread
29%
2004 Sideways
29%
2022 Tar
29%
2008 The Curious Case of Benjamin Button
29%
2018 The Favourite
29%
2010 The Fighter
29%
2023 The Holdovers
29%
2002 The Hours
29%
2019 The Irishman
29%
2010 The Kids Are All Right
29%
2002 The Lord of the Rings: The Two Towers
29%
2008 The Reader
29%
2020 The Trial of the Chicago 7
29%
2023 The Zone of Interest
29%
2025 Train Dreams
29%
2022 Triangle of Sadness
29%
2010 Winter’s Bone
29%
2022 Women Talking
29%
2012 Zero Dark Thirty
29%
2012 Amour
14%
2009 A Serious Man
14%
2018 A Star is Born
14%
2012 Beasts of the Southern Wild
14%
2015 Bridge of Spies
14%
2015 Brooklyn
14%
2013 Captain Phillips
14%
2000 Chocolat
14%
2021 Drive My Car
14%
2024 Emilia Perez
14%
2025 Frankenstein
14%
2001 Gosford Park
14%
2016 Hacksaw Ridge
14%
2016 Hell or High Water
14%
2021 Licorice Pizza
14%
2023 Maestro
14%
2020 Mank
14%
2003 Master and Commander: The Far Side of the World
14%
2021 Nightmare Alley
14%
2023 Past Lives
14%
2013 Philomena
14%
2003 Seabiscuit
14%
2014 Selma
14%
2020 Sound of Metal
14%
2004 The Aviator
14%
2015 The Big Short
14%
2011 The Descendants
14%
2017 The Post
14%
2024 The Substance
14%
2011 The Tree of Life
14%
2022 Top Gun: Maverick
14%
2009 Up in the Air
14%
2018 Vice
14%
2009 An Education
0%
2006 Babel
0%
2004 Finding Neverland
0%
2024 I’m Still Here
0%
2009 Inglourious Bastards
0%
2001 In the Bedroom
0%
2001 Moulin Rouge!
0%
2011 War Horse
0%
No matching quizzes found
Score Distribution
Percent of People with Each Score
Percentile by Number Answered
Your Score History
You have not taken this quiz since the last reset